000 00922nam a2200265 a 4500
001 000023169
005 20250711124154.0
008 101129s1980 mx a r 000 | spa d
020 _a9682404568
040 _aDO-SdBNP
_bspa
_cBNPHU
082 _a370.15
_bG135p
100 1 _aGagné, Robert M.
_947696
245 1 3 _aLa planificación de la enseñaza :
_bsus principios /
_cRobert M. Gagné, Leslie J. Briggs ; traducción de Jorge Brash.
260 _aMéxico :
_bTrillas,
_c1980.
300 _a287 p. :
_bil. ;
_c23 cm.
500 _aIncluye índice analítico y onomástico
500 _aIncluye notas de referencias
534 _aTítulo original :
_tPrinciples of instructional design.
650 0 _aPsicopedagogía
_91570
650 0 _aEnseñanza programada
_940802
650 0 _aPlanificación educativa
_917484
700 1 _aBriggs, Leslie J.
_947697
700 1 _aBrash, Jorge
_etr.
_947698
049 _aBNGR
999 _c22666
_d22666